[Event "FIDE World Cup 2011"]
[Site "Khanty-Mansiysk RUS"]
[Date "2011.09.04"]
[Round "3.2"]
[White "Gashimov, Vugar"]
[Black "Tomashevsky, Evgeny"]
[Result "1-0"]
[WhiteTitle "GM"]
[BlackTitle "GM"]
[WhiteElo "2760"]
[BlackElo "2707"]
[WhiteFideId "13400630"]
[BlackFideId "4147235"]
[EventDate "2011.08.28"]

1. e4 e5 2. Nf3 Nc6 3. Bb5 a6 4. Ba4 Nf6 5. O-O Be7 6. Re1 b5 7. Bb3 O-O 8. h3
Bb7 9. d3 d5 10. exd5 Nxd5 11. Nxe5 Nd4 12. Nd2 c5 13. c3 Nxb3 14. Nxb3 Qc7 15.
a4 Bd6 16. d4 Rae8 17. axb5 axb5 18. Ra7 cxd4 19. cxd4 Ra8 20. Rxa8 Bxa8 21. Bd2
Re8 22. Qa1 f6 23. Rc1 Qe7 24. Nf3 Nf4 25. Bxf4 Bxf4 26. Re1 Qf7 27. Nc5 Bd5 28.
Nd3 Bb8 29. Nb4 Bxf3 30. gxf3 Bd6 31. Nc2 Rd8 32. Ne3 Qg6+ 33. Ng2 Qf5 34. Qa5
Rc8 35. Qa6 Bb4 36. Rd1 h5 37. d5 Rc2 38. Qe6+ Qxe6 39. dxe6 Rxb2 40. Rd8+ Kh7
41. Ne3 Ba3 42. Rd3 Bc5 43. Rc3 Bb4 44. Nd5 Bd6 45. Re3 Rd2 46. e7 Bxe7 47. Nxe7
Rd7 48. Kg2 g5 49. Nc6 Rd6 50. Nb4 g4 51. hxg4 hxg4 52. Re7+ Kg6 53. Rb7 1-0

[Event "FIDE World Cup 2011"]
[Site "Khanty-Mansiysk RUS"]
[Date "2011.09.04"]
[Round "3.2"]
[White "Nielsen, Peter Heine"]
[Black "Parligras, Mircea-Emilian"]
[Result "1/2-1/2"]
[WhiteTitle "GM"]
[BlackTitle "GM"]
[WhiteElo "2681"]
[BlackElo "2636"]
[WhiteFideId "1400355"]
[BlackFideId "1204297"]
[EventDate "2011.08.28"]

1. d4 Nf6 2. c4 e6 3. Nf3 d5 4. g3 Bb4+ 5. Bd2 Be7 6. Bg2 O-O 7. O-O c6 8. Bf4
b6 9. Nc3 Bb7 10. b3 Nbd7 11. Qc2 Nh5 12. Bc1 f5 13. Bb2 Bd6 14. e3 Rc8 15. Rfd1
Qe7 16. Rac1 g5 17. Ne2 Qg7 18. a3 a5 1/2-1/2

[Event "FIDE World Cup 2011"]
[Site "Khanty-Mansiysk RUS"]
[Date "2011.09.04"]
[Round "3.2"]
[White "Moiseenko, Alexander"]
[Black "Navara, David"]
[Result "1/2-1/2"]
[WhiteTitle "GM"]
[BlackTitle "GM"]
[WhiteElo "2715"]
[BlackElo "2722"]
[WhiteFideId "14102560"]
[BlackFideId "309095"]
[EventDate "2011.08.28"]

1. d4 Nf6 2. c4 e6 3. Nf3 b6 4. g3 Ba6 5. Qb3 Nc6 6. Nbd2 Na5 7. Qa4 c5 8. Bg2
Bb7 9. dxc5 bxc5 10. O-O Be7 11. Ne5 Qc7 12. Bxb7 Nxb7 13. Ndf3 Nd6 14. Rd1 Rb8
15. b3 Nfe4 16. Bb2 f6 17. Nd3 h5 18. Rac1 Kf7 19. b4 cxb4 20. c5 Nf5 21. Rc4
Nxc5 22. Nxc5 d6 23. e4 Nh6 24. e5 dxc5 25. Rd7 Qb6 26. exf6 gxf6 27. Qd1 Nf5
28. Nh4 Rbd8 29. Nxf5 Rxd7 30. Qxd7 exf5 31. Qxf5 Qe6 32. Qd3 h4 33. gxh4 Rh5
34. Re4 Qd5 35. Qe2 Bd6 36. Qg4 Qf5 37. Qe2 Rh7 38. Qc4+ Kf8 39. Qe6 Bxh2+ 40.
Kf1 Qxe6 41. Rxe6 Rxh4 42. Rxf6+ Ke8 43. Ra6 c4 44. Ke2 Bf4 45. Bd4 c3 46. Kd3
Rh1 47. Be3 Bxe3 48. fxe3 Rh2 49. Rxa7 Rd2+ 50. Ke4 Rd1 51. Rc7 Ra1 52. Rc4 Rxa2
53. Rxb4 c2 54. Rc4 Ra4 55. Rxa4 c1=Q 56. Rd4 Ke7 57. Kd3 Qd1+ 58. Ke4 Qf1 59.
Ke5 Qf3 60. Re4 Kd7 61. Kd4 Kd6 62. Rf4 Qd1+ 63. Kc3 Ke5 64. Rc4 Qc1+ 65. Kd3
Qa3+ 66. Kd2 Qb2+ 67. Kd3 Qb3+ 68. Rc3 Qd1+ 69. Kc4 Ke4 70. Kc5 Qd5+ 71. Kb4 Kf3
72. Rc5 Qd6 73. Kb5 Kxe3 74. Rc6 Qd5+ 75. Kb6 Kd4 76. Kc7 Qe5+ 77. Kd7 Kd5 78.
Ra6 Qg7+ 79. Ke8 Qc7 80. Rh6 Ke5 81. Rg6 Kf5 82. Rh6 Qc1 83. Rd6 Qc8+ 84. Ke7
Qc7+ 85. Rd7 Qe5+ 86. Kd8 Qb8+ 87. Ke7 Ke5 88. Kf7 Qh8 89. Re7+ Kf5 90. Rd7 Qh7+
91. Ke8 Qg8+ 92. Ke7 Ke5 93. Rc7 Qg7+ 94. Kd8 Qf8+ 95. Kd7 Kd5 96. Rc1 Qf5+ 97.
Ke8 Kd6 98. Rd1+ Ke6 99. Re1+ Kf6 100. Rc1 Qb5+ 101. Kd8 Ke6 102. Re1+ Kf7 103.
Re7+ Kf8 104. Rb7 Qd5+ 105. Rd7 Qa5+ 106. Rc7 Qa8+ 107. Kd7 Qd5+ 108. Kc8 Ke8
109. Kb8 Kd8 110. Rc8+ Kd7 111. Rc7+ Kd6 112. Rc1 Qb3+ 113. Kc8 Qa3 114. Rd1+
Kc6 1/2-1/2

[Event "FIDE World Cup 2011"]
[Site "Khanty-Mansiysk RUS"]
[Date "2011.09.04"]
[Round "3.2"]
[White "Lysyj, Igor"]
[Black "Dominguez Perez, Leinier"]
[Result "1-0"]
[WhiteTitle "GM"]
[BlackTitle "GM"]
[WhiteElo "2629"]
[BlackElo "2719"]
[WhiteFideId "4150120"]
[BlackFideId "3503240"]
[EventDate "2011.08.28"]

1. d4 d5 2. c4 c6 3. Nf3 Nf6 4. e3 a6 5. Nc3 b5 6. b3 Bg4 7. Bd2 Nbd7 8. h3 Bh5
9. g4 Bg6 10. Nh4 e6 11. Nxg6 hxg6 12. Bg2 bxc4 13. bxc4 Nb6 14. c5 Nc4 15. Qa4
Qc7 16. Bc1 Be7 17. e4 O-O 18. O-O Rab8 19. g5 Nh5 20. exd5 cxd5 21. Bxd5 Nb2
22. Bxb2 Rxb2 23. Bg2 Bxg5 24. Rab1 Rfb8 25. Rxb2 Rxb2 26. Ne4 Bf4 27. Qxa6 Qe7
28. c6 Rb8 29. Qd3 Bc7 30. Rb1 Rb4 31. Rxb4 Qxb4 32. Qa6 Qb8 33. Qb7 Qd8 34. h4
Nf4 35. Bf3 Nd5 36. Ng5 Nf6 37. a4 Ne8 38. Qb4 Qd6 39. Qxd6 Nxd6 40. d5 exd5 41.
Bxd5 Bb6 42. Kg2 Kf8 43. c7 f6 44. Ne6+ Ke7 45. f4 f5 46. Kf3 Ba5 47. Ke2 Bb6
48. Kd3 Kd7 49. Nxg7 Bf2 50. Ne6 Bxh4 51. a5 Bf2 52. Ke2 Bg1 53. Kf3 Ba7 54. Kg3
Ke7 55. Kh4 Kf6 56. Ng5 Be3 57. Kg3 Bd2 58. a6 Be3 59. Bb7 1-0

[Event "FIDE World Cup 2011"]
[Site "Khanty-Mansiysk RUS"]
[Date "2011.09.05"]
[Round "3.3"]
[White "Vitiugov, Nikita"]
[Black "Potkin, Vladimir"]
[Result "0-1"]
[WhiteTitle "GM"]
[BlackTitle "GM"]
[WhiteElo "2733"]
[BlackElo "2682"]
[WhiteFideId "4152956"]
[BlackFideId "4131061"]
[EventDate "2011.08.28"]

1. e4 e6 2. d4 d5 3. Nc3 Nf6 4. e5 Nfd7 5. f4 c5 6. Nf3 Nc6 7. Be3 a6 8. Qd2 b5
9. a3 Qa5 10. dxc5 Bxc5 11. Bxc5 Nxc5 12. Ne2 Qxd2+ 13. Kxd2 f6 14. Ned4 Nxd4
15. Nxd4 fxe5 16. fxe5 O-O 17. Ke3 Nd7 18. Nxe6 Re8 19. Nc7 Rxe5+ 20. Kd4 Re4+
21. Kc3 d4+ 22. Kd2 Ra7 23. Nd5 Ne5 24. Bd3 Rg4 25. Rhg1 Nxd3 26. cxd3 Be6 27.
h3 Rg3 28. Nf4 Bf5 29. Rae1 Rf7 30. Re8+ Rf8 31. Rxf8+ Kxf8 32. Rf1 Ke7 33. Rf2
Kd6 34. Nh5 Rxd3+ 35. Kc1 g6 36. Nf6 h5 37. Nxh5 Re3 38. Nf4 Ke5 39. Ne2 a5 40.
Kd2 Rb3 41. Kc1 b4 42. axb4 axb4 43. Ng1 Be4 44. Re2 Re3 45. g4 g5 46. Kd1 Rg3
47. Re1 d3 48. Rf1 Kd4 49. Ke1 b3 50. Kd1 Rg2 51. Nf3+ Bxf3+ 52. Rxf3 Rxb2 53.
Rf8 Rh2 54. Rd8+ Ke3 55. Re8+ Kf4 56. Rf8+ Kg3 57. Rd8 Rh1+ 58. Kd2 b2 0-1

[Event "FIDE World Cup 2011"]
[Site "Khanty-Mansiysk RUS"]
[Date "2011.09.05"]
[Round "3.3"]
[White "Parligras, Mircea-Emilian"]
[Black "Nielsen, Peter Heine"]
[Result "0-1"]
[WhiteTitle "GM"]
[BlackTitle "GM"]
[WhiteElo "2636"]
[BlackElo "2681"]
[WhiteFideId "1204297"]
[BlackFideId "1400355"]
[EventDate "2011.08.28"]

1. c4 c5 2. g3 g6 3. Bg2 Bg7 4. Nf3 Nc6 5. Nc3 Nf6 6. d4 cxd4 7. Nxd4 O-O 8. O-O
Nxd4 9. Qxd4 d6 10. Qh4 Be6 11. Bg5 Qa5 12. Bd2 Rac8 13. b3 b5 14. Qg5 Rc5 15.
Nxb5 Qb6 16. Qf4 Ng4 17. Bc3 Rf5 18. Bd4 Bxd4 19. Qxd4 Rxb5 20. Qd2 Rc5 21. Rad1
a5 22. Qf4 a4 23. Rd3 axb3 24. axb3 Nf6 25. h3 d5 26. cxd5 Nxd5 27. Qh4 Nf6 28.
g4 h5 29. g5 Nh7 30. Rg3 Rb8 31. Rd1 Rd8 32. Ra1 Qc7 33. Bf3 Rc1+ 34. Rxc1 Qxc1+
35. Kh2 Qc5 36. Kg2 Rd4 37. e4 Rd2 0-1

[Event "FIDE World Cup 2011"]
[Site "Khanty-Mansiysk RUS"]
[Date "2011.09.05"]
[Round "3.3"]
[White "Navara, David"]
[Black "Moiseenko, Alexander"]
[Result "1-0"]
[WhiteTitle "GM"]
[BlackTitle "GM"]
[WhiteElo "2722"]
[BlackElo "2715"]
[WhiteFideId "309095"]
[BlackFideId "14102560"]
[EventDate "2011.08.28"]

1. e4 c5 2. Nf3 Nc6 3. d4 cxd4 4. Nxd4 Nf6 5. Nc3 e5 6. Ndb5 d6 7. Bg5 a6 8. Na3
b5 9. Nd5 Be7 10. Bxf6 Bxf6 11. c3 Bg5 12. Nc2 O-O 13. Be2 Ne7 14. Ncb4 a5 15.
Nxe7+ Qxe7 16. Nd5 Qb7 17. Qd3 Rb8 18. O-O Be6 19. Rfd1 Rfc8 20. Qg3 h6 21. h4
Bd8 22. Bg4 Rc5 23. Ne3 Qxe4 24. Rxd6 Bxg4 25. Nxg4 Kf8 26. Rad1 Be7 27. R6d4
Qf5 28. Rd7 Qf4 29. Qd3 e4 30. Qd4 Qxg4 31. Rxe7 Rc4 32. Rxf7+ Kxf7 33. Qa7+ Kg6
34. Rd6+ Kh7 35. Qxb8 e3 36. fxe3 Qe2 37. Qf8 Qe1+ 38. Qf1 Qxe3+ 39. Qf2 Qxf2+
40. Kxf2 b4 41. Rd5 bxc3 42. bxc3 Rxh4 43. Rxa5 Rc4 44. Ra3 Kg6 45. Rb3 h5 46.
Ke3 Ra4 47. Rb2 Kf5 48. Kd3 g5 49. Re2 h4 50. c4 g4 51. Kd4 h3 52. gxh3 gxh3 53.
Kd5 Kf6 54. Rh2 Ra3 55. c5 Ke7 56. Kc6 Rc3 57. Rd2 Rg3 58. a4 Rg2 59. Rd7+ Ke6
60. Rh7 h2 61. a5 Ra2 62. Kb6 Rb2+ 63. Kc7 Rf2 64. Rh8 Kd5 65. Rh5+ Kc4 66. c6
Ra2 67. a6 Kd4 68. Kb7 Rb2+ 69. Kc8 Ra2 70. c7 Ke4 71. a7 1-0

[Event "FIDE World Cup 2011"]
[Site "Khanty-Mansiysk RUS"]
[Date "2011.09.05"]
[Round "3.4"]
[White "Potkin, Vladimir"]
[Black "Vitiugov, Nikita"]
[Result "1/2-1/2"]
[WhiteTitle "GM"]
[BlackTitle "GM"]
[WhiteElo "2682"]
[BlackElo "2733"]
[WhiteFideId "4131061"]
[BlackFideId "4152956"]
[EventDate "2011.08.28"]

1. d4 g6 2. Nf3 Bg7 3. e4 d6 4. c3 e6 5. Bd3 Ne7 6. O-O O-O 7. Re1 Nd7 8. Nbd2
b6 9. a4 a6 10. Nc4 Bb7 11. Qe2 h6 12. Bd2 Nf6 13. h3 Qd7 14. e5 Nfd5 15. Nh2 h5
16. Nf3 Bc6 17. Bg5 Rfe8 18. Bc2 Nf5 19. Ncd2 b5 20. axb5 axb5 21. Ne4 Rxa1 22.
Rxa1 Ra8 23. Rxa8+ Bxa8 24. Bd3 Bc6 25. Qd2 dxe5 26. Nxe5 Qe8 27. Nxc6 Qxc6 28.
Qe2 b4 29. Bb5 Qa8 30. Qe1 bxc3 31. bxc3 Qa5 32. Bc4 Nb6 33. Qe2 Nd6 34. Nxd6
cxd6 35. Bd8 Qa1+ 36. Qf1 Qb2 37. Bxb6 Qxb6 38. h4 Qb2 39. Qd3 d5 40. Bb5 Bh6
41. g3 Bd2 42. c4 Be1 43. Qf1 dxc4 44. Bxc4 Qxd4 45. Qxe1 Qxc4 46. Qe5 Qd5 47.
Qc3 e5 48. Qc8+ Kg7 49. Qc3 Kf6 50. Qe3 Ke6 51. Qc3 Qd4 52. Qc6+ Qd6 53. Qc4+
Kf6 54. Qc3 Qd5 55. Qe3 Kf5 56. Qg5+ Ke6 57. Qe3 f6 58. Qc3 Kf5 59. Qc8+ Ke4 60.
Qc2+ Kf3 61. Qc3+ Kg4 62. Kh2 Qf3 63. Qc2 e4 64. Qd2 e3 65. Qd4+ Kf5 66. Qc5+
Ke6 67. Qb6+ Ke5 68. Qc5+ Ke6 69. Qb6+ Kd7 70. Qa7+ Ke6 71. Qb6+ Ke5 1/2-1/2

[Event "FIDE World Cup 2011"]
[Site "Khanty-Mansiysk RUS"]
[Date "2011.09.05"]
[Round "3.4"]
[White "Nielsen, Peter Heine"]
[Black "Parligras, Mircea-Emilian"]
[Result "1-0"]
[WhiteTitle "GM"]
[BlackTitle "GM"]
[WhiteElo "2681"]
[BlackElo "2636"]
[WhiteFideId "1400355"]
[BlackFideId "1204297"]
[EventDate "2011.08.28"]

1. d4 f5 2. Nc3 Nf6 3. Bg5 c6 4. e3 Qb6 5. Rb1 Ne4 6. Nxe4 fxe4 7. c3 Qa5 8. Bf4
Qxa2 9. f3 d5 10. fxe4 dxe4 11. Ne2 Bf5 12. Ng3 g6 13. Be2 Nd7 14. O-O Bg7 15.
Nxf5 gxf5 16. b3 Qa5 17. Bc4 O-O-O 18. b4 Qb6 19. Be6 Rhf8 20. Qb3 Rf6 21. Bg5
Bh6 22. Bxf6 Bxe3+ 23. Kh1 exf6 24. Bxf5 Qc7 25. Rbe1 1-0

[Event "FIDE World Cup 2011"]
[Site "Khanty-Mansiysk RUS"]
[Date "2011.09.05"]
[Round "3.4"]
[White "Moiseenko, Alexander"]
[Black "Navara, David"]
[Result "1-0"]
[WhiteTitle "GM"]
[BlackTitle "GM"]
[WhiteElo "2715"]
[BlackElo "2722"]
[WhiteFideId "14102560"]
[BlackFideId "309095"]
[EventDate "2011.08.28"]

1. d4 Nf6 2. c4 g6 3. Nc3 d5 4. Bg5 Ne4 5. Bh4 Nxc3 6. bxc3 dxc4 7. e3 Be6 8.
Nf3 Bg7 9. Qb1 b6 10. Ng5 Bd5 11. e4 h6 12. Nh3 Bb7 13. Bxc4 O-O 14. Qc2 Nc6 15.
O-O Qd7 16. Rad1 Na5 17. Bd3 e6 18. f4 f5 19. Rfe1 Rae8 20. e5 c5 21. dxc5 Qc7
22. cxb6 axb6 23. Bf1 Bd5 24. Nf2 Ra8 25. Nd3 Nc6 26. c4 Na5 27. Nb2 b5 28. c5
Bxa2 29. Ra1 b4 30. Bf2 Bd5 31. Nc4 Rfb8 32. Nd6 b3 33. Qb2 Nc6 34. Rxa8 Rxa8
35. Bc4 Na5 36. Bxd5 exd5 37. h4 Rb8 38. Qd4 Qc6 39. h5 Nb7 40. Qb4 Qc7 41. Qxb3
Nxd6 42. exd6 Qxd6 43. Re8+ 1-0

[Event "FIDE World Cup 2011"]
[Site "Khanty-Mansiysk RUS"]
[Date "2011.09.05"]
[Round "3.6"]
[White "Navara, David"]
[Black "Moiseenko, Alexander"]
[Result "1-0"]
[WhiteTitle "GM"]
[BlackTitle "GM"]
[WhiteElo "2722"]
[BlackElo "2715"]
[WhiteFideId "309095"]
[BlackFideId "14102560"]
[EventDate "2011.08.28"]

1. d4 Nf6 2. c4 e6 3. Nc3 Bb4 4. Qc2 O-O 5. a3 Bxc3+ 6. Qxc3 d6 7. Bg5 Nbd7 8.
e3 b6 9. Nf3 Bb7 10. Nd2 c5 11. dxc5 bxc5 12. f3 Qb6 13. Bd3 d5 14. O-O h6 15.
Bh4 d4 16. exd4 cxd4 17. Qc2 Rac8 18. b4 Nd5 19. c5 Qc7 20. Nc4 Ba6 21. Bg3 Qd8
22. Rfe1 Qf6 23. Ne5 Nxe5 24. Bxa6 Ng6 25. Bxc8 Rxc8 26. Qe4 Nc3 27. Qb7 Rf8 28.
Qa6 h5 29. Bd6 Rd8 30. Rac1 h4 31. h3 e5 32. Qf1 Qg5 33. Bxe5 Nf4 34. Bxf4 Qxf4
35. Qd3 Nd5 36. c6 Rc8 37. Qe4 Qxe4 38. Rxe4 Nc3 39. Rxc3 dxc3 40. Rc4 Kf8 41.
c7 1-0

[Event "FIDE World Cup 2011"]
[Site "Khanty-Mansiysk RUS"]
[Date "2011.09.06"]
[Round "4.1"]
[White "Gashimov, Vugar"]
[Black "Nielsen, Peter Heine"]
[Result "1-0"]
[WhiteTitle "GM"]
[BlackTitle "GM"]
[WhiteElo "2760"]
[BlackElo "2681"]
[WhiteFideId "13400630"]
[BlackFideId "1400355"]
[EventDate "2011.08.28"]

1. e4 e5 2. Nf3 Nc6 3. Bb5 Nf6 4. O-O Nxe4 5. d4 Nd6 6. Bxc6 dxc6 7. dxe5 Nf5 8.
Qxd8+ Kxd8 9. Rd1+ Ke8 10. Nc3 Be7 11. Bg5 h6 12. Bxe7 Nxe7 13. Nd4 Bd7 14. Rd3
Rd8 15. Rad1 Nd5 16. Ne4 Nf4 17. R3d2 Ke7 18. f3 Bc8 19. Kf2 Rhe8 20. g3 Nh3+
21. Ke3 Ng5 22. f4 Nxe4 23. Kxe4 g6 24. f5 Rxd4+ 25. Kxd4 Bxf5 26. Kc3 a5 27. a3
Be6 28. Rd4 c5 29. Rf4 h5 30. b4 axb4+ 31. axb4 Ra8 32. bxc5 Ra3+ 33. Kb2 Ra2+
34. Kb1 Ra5 35. Rb4 Rxc5 36. Rxb7 Bf5 37. Rd2 Be4 38. Ra7 Ke6 39. Re2 Kxe5 40.
Ra4 f5 41. Ra6 g5 42. Rg6 g4 43. Rh6 Kd4 44. Rxh5 Bf3 45. Rd2+ Ke3 46. Rd3+ Kf2
47. Kb2 Be4 48. Rc3 Rb5+ 49. Kc1 c6 50. Rh8 Kg2 51. Rc4 Re5 52. Rd4 Bf3 53. Rd2+
Kg1 54. Kb2 Re3 55. Rh7 Be4 56. Rd1+ Kg2 57. Rd2+ Kg1 58. Re7 Kh1 59. Rf2 Kg1
60. Rxf5 Bxc2 61. Rf1+ Kxf1 62. Rxe3 Bd1 63. Kc1 Bf3 64. Re5 Kg1 65. Rh5 Bg2 66.
Kd2 Bh3 67. Ke3 Kxh2 68. Kf2 c5 69. Rxc5 Bg2 70. Rc4 Bh3 71. Ra4 Kh1 72. Ra1+
Kh2 73. Rg1 1-0

[Event "FIDE World Cup 2011"]
[Site "Khanty-Mansiysk RUS"]
[Date "2011.09.07"]
[Round "4.2"]
[White "Nielsen, Peter Heine"]
[Black "Gashimov, Vugar"]
[Result "1-0"]
[WhiteTitle "GM"]
[BlackTitle "GM"]
[WhiteElo "2681"]
[BlackElo "2760"]
[WhiteFideId "1400355"]
[BlackFideId "13400630"]
[EventDate "2011.08.28"]

1. d4 d5 2. c4 c6 3. Nc3 Nf6 4. e3 g6 5. Nf3 Bg7 6. Be2 O-O 7. O-O dxc4 8. Bxc4
Bg4 9. Be2 Qb6 10. Qc2 Nbd7 11. Rd1 Bxf3 12. Bxf3 e5 13. dxe5 Nxe5 14. Be2 Rfe8
15. h3 h6 16. Bd2 Qc5 17. Rac1 Rad8 18. a3 Ned7 19. b4 Qe7 20. a4 Qxb4 21. Rb1
Qc5 22. Rxb7 Ne4 23. Rc1 Nxd2 24. Qxd2 Nb6 25. Qc2 Rd7 26. Rxd7 Nxd7 27. Qd2 Qe7
28. a5 Nc5 29. Qc2 Nb7 30. Qa4 Qc5 31. a6 Nd8 32. Na2 Qb6 33. Qb4 Qc7 34. Nc3
Qe7 35. Qb3 h5 36. Bf3 Qc5 37. Ne2 Qd6 38. Rd1 Qc7 39. Nf4 Kh8 40. Qd3 Rf8 41.
Qd7 Be5 42. Be2 Kg7 43. h4 Qb6 44. Bc4 Qb4 45. Bf1 Qb6 46. Qe7 Bf6 47. Qe4 Qc7
48. Bc4 c5 49. Rd5 Qc6 50. g3 Qa4 51. Kg2 Re8 52. Qd3 Ne6 53. Nxh5+ gxh5 54. Bb5
Nf4+ 55. gxf4 Qe4+ 56. Qxe4 Rxe4 57. Rxc5 Bxh4 58. Rxh5 Bd8 59. Rd5 Bb6 60. Rd6
Re6 61. Rd7 Kf8 62. Rb7 Bc5 63. Rb8+ Kg7 64. Bc4 Re7 65. Kf3 Rc7 66. Bb3 Rd7 67.
Ke4 Bd6 68. Rb5 Kf8 69. Kf5 Rc7 70. Rb8+ Ke7 71. Ra8 Bc5 72. Rh8 Rc6 73. Rh7
Rf6+ 74. Ke4 Bb4 75. Bc4 Be1 76. Kf3 Bd2 77. Rh8 Rc6 78. Bb5 Rb6 79. Re8+ Kf6
80. Bc4 Rc6 81. Bd3 Ba5 82. e4 Bb6 83. e5+ Kg7 84. f5 f6 85. e6 Rc7 86. Rb8 Bc5
87. Be4 Bd6 88. Ra8 Bc5 89. Bd5 Be7 90. Ke4 Bf8 91. Bb7 Bc5 92. Kd5 Kh6 93. Bc6
Bxf2 94. Rg8 Be3 95. Rg6+ Kh7 96. Rxf6 Bg5 97. Rg6 Be7 98. Rg2 Rc8 99. Rb2 Rd8+
100. Bd7 Rf8 101. Ke4 Kg7 102. Rg2+ Kh7 103. Ke5 Bb4 104. Rg3 Be7 105. Rg2 Bb4
106. Rc2 Be7 107. Rc7 Kh6 108. Bc6 Bd8 109. Rb7 Kg5 110. Rg7+ Kh6 111. Rxa7 Bf6+
112. Ke4 Rc8 113. Rf7 1-0

[Event "FIDE World Cup 2011"]
[Site "Khanty-Mansiysk RUS"]
[Date "2011.09.07"]
[Round "4.2"]
[White "Grischuk, Alexander"]
[Black "Potkin, Vladimir"]
[Result "1-0"]
[WhiteTitle "GM"]
[BlackTitle "GM"]
[WhiteElo "2746"]
[BlackElo "2682"]
[WhiteFideId "4126025"]
[BlackFideId "4131061"]
[EventDate "2011.08.28"]

1. e4 e6 2. d4 d5 3. Nc3 Nf6 4. e5 Nfd7 5. f4 c5 6. Nf3 Nc6 7. Be3 a6 8. Qd2 b5
9. Nd1 b4 10. Be2 Qb6 11. c3 bxc3 12. Nxc3 Rb8 13. b3 Qa5 14. Rc1 cxd4 15. Nxd4
Nxd4 16. Bxd4 Ba3 17. Rc2 O-O 18. Na4 Bb4 19. Bc3 f6 20. Bg4 Re8 21. Bxb4 Rxb4
22. O-O Bb7 23. a3 Rxa4 24. bxa4 Qxd2 25. Rxd2 fxe5 26. fxe5 Nxe5 27. Be2 Rc8
28. Rb2 Rc7 29. Rb6 Nc4 30. Bg4 g6 31. Bxe6+ Kg7 32. Rxb7 1-0